Countries Closest to Germany A-Z - Statistics

General Stats
  • This quiz has been taken 154 times
    116 since last reset
  • The average score is 22 of 24
Answer Stats
Hint Answer % Correct
B Belgium
100%
D Denmark
100%
C Czech Republic
99%
F France
98%
A Austria
97%
P Poland
97%
E Estonia
96%
N Netherlands
96%
L Luxembourg
95%
S Switzerland
95%
H Hungary
94%
I Italy
94%
O Oman
94%
U United Kingdom
94%
Q Qatar
93%
V Vatican City
92%
Y Yemen
92%
R Russia
91%
Z Zambia
90%
G Greece
86%
M Monaco
86%
J Jordan
85%
K Kosovo
80%
T Tunisia
74%
No matching quizzes found
Score Distribution
Percent of People with Each Score
Percentile by Number Answered
Your Score History
You have not taken this quiz since the last reset